|
|
|
|
| LEADER |
01345nam a2200325 a 4500 |
| 001 |
27644 |
| 003 |
BD-DhAAL |
| 005 |
20150208121018.0 |
| 008 |
131001r20102004enka b 001 0 eng d |
| 010 |
|
|
|a 2004301677
|
| 020 |
|
|
|a 9780199227259
|
| 020 |
|
|
|a 0198530943 (Hbk)
|
| 035 |
|
|
|a (OCoLC)ocm55799875
|
| 040 |
|
|
|a EQO
|c EQO
|d DLC
|d BD-DhAAL
|
| 050 |
0 |
0 |
|a QC174.45
|b .W46 2004
|
| 082 |
0 |
0 |
|a 530.14/4
|2 22
|
| 999 |
|
|
|c 14047
|d 14047
|
| 999 |
|
|
|c 14047
|
| 100 |
1 |
|
|a Wen, Xiao-Gang.
|9 3371
|
| 245 |
1 |
0 |
|a Quantum field theory of many-body systems :
|b from the origin of sound to an origin of light and electrons /
|c Xiao-Gang Wen.
|
| 260 |
|
|
|a Oxford ;
|a New York :
|b Oxford University Press,
|c 2004.[Reprinted 2010]
|
| 300 |
|
|
|a xiii, 505 p. :
|b ill. ;
|c 25 cm.
|
| 490 |
|
|
|a Oxford graduate texts
|
| 504 |
|
|
|a Includes bibliographical references and index.
|
| 541 |
|
|
|e 27644
|
| 650 |
|
0 |
|a Quantum field theory.
|9 3372
|
| 650 |
|
0 |
|a Many-body problem.
|9 3373
|
| 942 |
|
|
|2 ddc
|c BK
|
| 952 |
|
|
|0 0
|1 0
|2 ddc
|4 0
|6 530_144000000000000_WEN
|7 0
|9 23563
|a BRACUL
|b BRACUL
|c GEN
|d 2013-10-01
|e Karim International
|g 3500.00
|l 0
|o 530.144 WEN
|p 3010027644
|r 2013-10-01
|t 1
|w 2013-10-01
|y BK
|
| 952 |
|
|
|0 0
|1 0
|2 ddc
|4 0
|6 530_144000000000000_WEN
|7 0
|9 23571
|a BRACUL
|b BRACUL
|c GEN
|d 2013-10-01
|e Karim International
|g 3500.00
|l 0
|o 530.144 WEN
|p 3010027645
|r 2013-10-01
|t 2
|w 2013-10-01
|y BK
|